| 000 | 00706nam a2200157 a 4500 | ||
|---|---|---|---|
| 001 | 000040312 | ||
| 005 | 20201002034042.0 | ||
| 008 | 130821s2010 mx 000 0 spa d | ||
| 020 | _a9786070220418 | ||
| 040 |
_aDO-SdBNP _bspa _cBNPHU |
||
| 100 | 1 |
_aRangel Guerra, Alfonso _966600 |
|
| 245 | 1 | 3 |
_aLa Pérdida de la Mansión Dorada : _bnotas sobre olvidado poema de Alfonso Reyes : discurso de ingreso a la Academia Mexicana de la Lengua, 23 de abril del 2009 / _cAlfonso Rangel Guerra ; respuesta de Adolfo Castañón. |
| 260 |
_aMéxico : _bDirección General de Publicaciones y Fomento Editorial : _bAcademia Mexicana de la Lengua, _c2010. |
||
| 300 |
_a76 p. ; _c18 cm. |
||
| 700 | 1 |
_aCastañón Adolfo _927667 |
|
| 999 |
_c39802 _d39802 |
||